Romancero del Cid

Sábháilte in:
Sonraí bibleagrafaíochta
Formáid: LEABHAR
Teanga:Spáinnis
Foilsithe / Cruthaithe: Madrid Perlado, Páez y Compañia 1908
Sraith:Colección de los Mejores Autores Antiguos y Modernos Nacionales y Extranjeros, 1
Ábhair:
Clibeanna: Cuir clib leis
Níl clibeanna ann, Bí ar an gcéad duine le clib a chur leis an taifead seo!

MARC

LEADER 00000nam a2200000 a 4500
001 UCZ0933
003 CL-VaPUC
008 950810e19080000SP |||||||||||||||||spa|d
082 0 4 |a 861  |b ROM  |2 21 
245 1 0 |a Romancero del Cid 
300 |a 222 p 
942 |c BK 
945 |d 19950810 00:00:00  |a rbrito 
260 |a Madrid  |b Perlado, Páez y Compañia  |c 1908 
600 0 7 |a CID CAMPEADOR  |2 CL-VaPUC  |9 344228 
650 0 |a Poesías españolas  |9 265100 
583 |a last modification  |c 19950810 00:00:00  |k Rodrigo Vera 
490 0 |a Colección de los Mejores Autores Antiguos y Modernos Nacionales y Extranjeros, 1 
999 |c 237798  |d 237796 
952 |0 0  |1 0  |4 0  |6 861_000000000000000_ROM_1908  |7 0  |8 P  |9 247497  |a BIBEDU  |b BIBEDU  |c BIBEDU_PB  |d 2019-11-18  |i 3108082  |o 861 ROM 1908  |p 3108082  |r 2024-01-25  |w 2019-11-18  |y BK  |k LIT